000 00348nam a2200145Ia 4500
008 100122s9999 xx 000 0 und d
082 _b10548
_a50
245 _aअनघा
300 _a113
520 _aदिवाळी - 2002
620 _aदिवाळी - 2002
630 _aअनघा
730 _aअनघा
942 _cBOOK
999 _c384068
_d384065